|
|
|
|
| LEADER |
00921nam#a2200289#a#4500 |
| 001 |
001400 |
| 005 |
20160721142009.0 |
| 008 |
950714s1993####ag##################spa#d |
| 020 |
|
|
|a 950252425X
|
| 040 |
|
|
|a AR-BeUNQ
|
| 099 |
|
|
|a 30-P13
|
| 100 |
1 |
|
|a Pomer, León
|
| 245 |
0 |
2 |
|a Argentina :
|b Historia de negocios lícitos e ilícitos
|c León Pomer.
|
| 260 |
|
|
|a Buenos Aires :
|b Centro Editor de América Latina,
|c 1993
|
| 648 |
|
4 |
|a 1713-1914
|
| 650 |
|
7 |
|a CORRUPCION
|2 spines
|
| 650 |
|
7 |
|a CAPITALISMO
|2 spines
|
| 650 |
|
7 |
|a ECONOMIA PARALELA
|2 spines
|
| 650 |
|
7 |
|a VIOLACION DE LA LEY
|2 spines
|
| 650 |
|
7 |
|a POLITICA FISCAL
|2 spines
|
| 650 |
|
7 |
|a TIERRAS DEL DOMINIO PUBLICO
|2 spines
|
| 650 |
|
7 |
|a POLITICA LABORAL
|2 spines
|
| 650 |
|
7 |
|a HISTORIA
|2 spines
|
| 651 |
|
7 |
|a ARGENTINA
|2 Spines
|
| 929 |
|
|
|a COMPRA
|b Centro Editor de América Latina
|c Exp. 827-0465/95
|d 3,33
|e 19950714
|j 11827
|
| 942 |
|
|
|c LIB
|n 0
|
| 999 |
|
|
|c 4201
|d 79588
|